000
nam a22 7a 4500
999
_c
50135
_d
50135
003
OSt
005
20200619155437.0
008
200619b xxu||||| |||| 00| 0 eng d
040
_c
IIMY UNIVERSITY
100
_a
SHARMA NITIN
245
_a
RESEARCH METHODOLOGY & MEDICAL STATISTICS
942
_2
ddc
_c
01